[Event "RUDAR 2 IM 2022"]
[Site "Pozarevac"]
[Date "2022.04.05"]
[Round "4.1"]
[White "Acor, Corey"]
[Black "Anishka Vikram"]
[Result "1-0"]
[WhiteElo "2326"]
[BlackElo "2000"]
[Annotator "TA"]
[PlyCount "117"]
[EventDate "2022.03.27"]
[EventType "tourn"]
[EventCountry "SRB"]
[SourceTitle "playchess.com"]
[Source "ChessBase"]
[SourceQuality "1"]
[TimeControl "40/5400+30:900+30"]

{[%evp 74,117,41,23,104,0,13,12,4,0,0,0,0,0,4,0,0,0,0,0,0,0,183,182,200,199,400,282,520,515,529,316,310,307,295,237,247,251,325,241,1460,1239,1383,1351,1099,1057]} 1. e4 {[%emt 0:04:59]} c5 {[%emt 0:00:08]} 2. Nc3 {[%emt 0:00:43]} d6 {[%emt 0:00:04]} 3. g3 {[%emt 0:00:07]} g6 {[%emt 0:00:08]} 4. Bg2 {[%emt 0:00:05]} Bg7 {[%emt 0:00:06]} 5. d3 {[%emt 0:00:05]} Nc6 {[%emt 0:00:13]} 6. Be3 {[%emt 0:00:08]} Rb8 {[%emt 0:03:33]} 7. Nge2 {[%emt 0:06:18]} Nd4 {[%emt 0:00:16]} 8. O-O {[%emt 0:00:04]} e6 {[%emt 0:04:31]} 9. Rb1 {[%emt 0:10:30]} Bd7 {[%emt 0:06:27]} 10. Qd2 {[%emt 0:03:50]} Ne7 {[%emt 0:12:39]} 11. Bh6 {[%emt 0:03:46]} O-O {[%emt 0:01:16]} 12. Bxg7 {[%emt 0:00:15]} Kxg7 {[%emt 0:00:07]} 13. Nxd4 {[%emt 0:00:21]} cxd4 {[%emt 0:00:02]} 14. Ne2 {[%emt 0:00:02]} e5 {[%emt 0:00:28]} 15. c3 {[%emt 0:04:02]} dxc3 {[%emt 0:00:15]} 16. bxc3 {[%emt 0:00:57]} b5 {[%emt 0:05:11]} 17. d4 {[%emt 0:02:03]} Nc6 {[%emt 0:04:06]} 18. Rfd1 {[%emt 0:03:22]} Bc8 {[%emt 0:12:58]} 19. f4 {[%emt 0:21:26]} Ba6 {[%emt 0:09:27]} 20. Bf1 {[%emt 0:07:10]} Qc7 {[%emt 0:07:55]} 21. Nc1 {[%emt 0:08:43]} Na5 {[%emt 0:06:32]} 22. Nd3 {[%emt 0:02:42]} Nc4 {[%emt 0:03:21]} 23. Qe1 {[%emt 0:00:11]} Rfe8 {[%emt 0:02:35]} 24. fxe5 {[%emt 0:02:18]} dxe5 {[%emt 0:00:07]} 25. Nc5 {[%emt 0:00:28]} Bc8 {[%emt 0:02:15]} 26. Bxc4 {[%emt 0:02:06]} bxc4 {[%emt 0:00:06]} 27. Qe2 {[%emt 0:00:32]} Rxb1 {[%emt 0:05:28]} 28. Rxb1 {[%emt 0:00:01]} Be6 {[%emt 0:02:35]} 29. Rb7 {[%emt 0:01:58]} Qd6 {[%emt 0:01:50]} 30. Qe3 {[%emt 0:05:25]} Bc8 {[%emt 0:02:28]} 31. Rxa7 {[%emt 0:01:25]} Qb6 {[%emt 0:01:14]} 32. Ra4 {[%emt 0:05:24]} Qb1+ {[%emt 0:00:07]} 33. Kf2 {[%emt 0:00:01]} Qc2+ {[%emt 0:00:20]} 34. Qe2 {[%emt 0:00:20]} Qxc3 {[%emt 0:02:14]} 35. Rxc4 {[%emt 0:00:03]} Qa5 {[%emt 0:00:58]} 36. d5 {[%emt 0:01:19]} h5 {[%emt 0:01:12]} 37. a4 {[%emt 0:02:05]} Bg4 {[%emt 0:00:33]} 38. Qb2 {[%emt 0:01:07]} Qd8 {[%emt 0:01:42] [#]} (38... Bh3 $11) 39. Rc1 {[%emt 0:01:44]} (39. Kg2 $1 $16) 39... Qf6+ {[%emt 0:01:41]} 40. Kg1 {[%emt 0:00:00]} Rc8 {[%emt 0:00:00]} 41. Qf2 {[%emt 0:03:38]} Qg5 $1 {[%emt 0:02:44]} 42. Rf1 {[%emt 0:00:23]} Qe7 {[%emt 0:00:42]} 43. Rc1 {[%emt 0:06:49]} Qg5 {[%emt 0:00:17]} 44. Qe1 {[%emt 0:04:01]} h4 {[%emt 0:05:03]} 45. gxh4 {[%emt 0:01:26]} Qf4 $1 {[%emt 0:00:52]} 46. Rc3 {[%emt 0:00:36]} Bh3 $1 {[%emt 0:02:58]} 47. a5 {[%emt 0:01:47]} Qg4+ $2 {[%emt 0:01:44]} (47... Rxc5 $11 48. Rxc5 Qg4+ 49. Qg3 Qd1+ 50. Kf2 Qd2+ 51. Kf3 Qd3+ 52. Kf2 Qd2+ 53. Kf3 Qd3+ 54. Kf2 Qd2+) 48. Rg3 $18 {[%emt 0:00:32]} Qh5 {[%emt 0:01:23]} 49. Nd3 {[%emt 0:00:03]} ({And not} 49. Rxh3 Rxc5 50. Rg3 Rc2 $11) 49... Bg4 $2 {[%emt 0:01:36]} (49... Bd7 {is a better defense.} 50. Rg5 Qf3) 50. a6 {[%emt 0:00:51]} Ra8 $2 {[%emt 0:01:50]} (50... Be2 {might work better.} 51. Nxe5 Qxe5 52. Qxe2 Qa1+ 53. Kg2 Qa4) 51. Qa1 $18 {[%emt 0:02:06]} Be2 {[%emt 0:03:14]} 52. Qxe5+ {[%emt 0:00:34]} Qxe5 {[%emt 0:00:02]} 53. Nxe5 {[%emt 0:00:01]} Rxa6 {[%emt 0:00:11]} 54. Re3 {[%emt 0:00:22]} Bb5 {[%emt 0:00:56]} 55. Rb3 {[%emt 0:00:15]} f6 {[%emt 0:00:55]} 56. Ng4 {[%emt 0:01:16]} Bd7 $2 {[%emt 0:00:58]} (56... Be2) 57. Rb7 $18 {[%emt 0:00:15]} Rd6 {[%emt 0:00:02]} 58. Ne3 {[%emt 0:00:15]} Kf8 {[%emt 0:00:39]} 59. Nc4 {[%emt 0:00:15]} 1-0

[Event "RUDAR 2 IM 2022"]
[Site "Pozarevac"]
[Date "2022.04.05"]
[Round "4.2"]
[White "Ivanovic, Marko"]
[Black "Velikic, Adela"]
[Result "0-1"]
[WhiteElo "2302"]
[BlackElo "2258"]
[Annotator "TA"]
[PlyCount "82"]
[EventDate "2022.03.27"]
[EventType "tourn"]
[EventCountry "SRB"]
[SourceTitle "playchess.com"]
[Source "ChessBase"]
[SourceQuality "1"]
[TimeControl "40/5400+30:900+30"]

{[%evp 45,82,-254,-254,-254,-254,-247,-193,-193,-197,-181,-125,-128,-118,-249,-43,-60,-43,-48,-48,-45,-39,-58,-76,-138,-124,-295,-284,-431,-425,-12841,-12841,-12840,-12839,-12840,-12840,-29988,-12843,-12843,-12843]} 1. Nf3 {[%emt 0:13:12]} d5 {[%emt 0:00:05]} 2. g3 {[%emt 0:00:37]} Nf6 {[%emt 0:00:08]} 3. Bg2 {[%emt 0:00:07]} c5 {[%emt 0:00:03]} 4. O-O {[%emt 0:00:17]} e6 {[%emt 0:00:05]} 5. c4 {[%emt 0:06:18]} d4 {[%emt 0:00:09]} 6. e3 {[%emt 0:04:09]} Nc6 {[%emt 0:00:10]} 7. exd4 {[%emt 0:00:05]} cxd4 {[%emt 0:00:05]} 8. d3 {[%emt 0:00:06]} h6 {[%emt 0:00:40]} 9. Re1 {[%emt 0:00:16]} Bd6 {[%emt 0:09:22]} 10. Na3 {[%emt 0:02:31]} O-O {[%emt 0:07:41]} 11. Nc2 {[%emt 0:03:21]} a5 {[%emt 0:01:51]} 12. a3 {[%emt 0:02:38]} e5 {[%emt 0:08:20]} 13. Rb1 {[%emt 0:03:10]} a4 {[%emt 0:03:07]} 14. b4 {[%emt 0:00:11]} axb3 {[%emt 0:00:13]} 15. Rxb3 {[%emt 0:00:08]} Re8 {[%emt 0:05:07]} 16. Bd2 {[%emt 0:21:32]} Na5 {[%emt 0:21:18]} 17. Rb2 {[%emt 0:08:45]} Qc7 {[%emt 0:04:32]} 18. Bb4 {[%emt 0:01:32]} Bd7 {[%emt 0:01:15]} 19. Nd2 {[%emt 0:07:44]} Bc6 {[%emt 0:05:32]} 20. f3 {[%emt 0:00:43]} Rab8 {[%emt 0:02:55]} 21. Ne4 {[%emt 0:02:02]} Nxe4 {[%emt 0:01:45]} 22. fxe4 {[%emt 0:00:07]} b5 {[%emt 0:06:35]} 23. Qd2 {[%emt 0:05:39]} Bxb4 {[%emt 0:00:48]} 24. Rxb4 {[%emt 0:01:54]} bxc4 {[%emt 0:01:02]} 25. dxc4 {[%emt 0:00:05]} Rxb4 {[%emt 0:00:43]} 26. Nxb4 {[%emt 0:00:58]} Bb7 {[%emt 0:02:45]} (26... Nxc4 27. Qd3 Ne3 28. Rc1 $17) 27. Bf1 {[%emt 0:01:47]} Rc8 {[%emt 0:01:14]} ({Worse is} 27... Nxc4 28. Qc2 d3 29. Bxd3 Qb6+ 30. Qf2 $15) (27... Nb3 $19 28. Qc2 Nc5) 28. Qc2 $17 {[%emt 0:00:38]} Qc5 {[%emt 0:02:22]} (28... Nxc4 29. Rc1 Qb6 30. Bxc4 $15) 29. Bd3 {[%emt 0:00:21]} (29. Nd3 $17 Qxa3 30. Nxe5) 29... Qa7 $2 {[%emt 0:04:15]} ({Weaker is} 29... Nxc4 30. Rc1 $11) (29... f5 $1 $19 {[%cal Rf5e4] White must now prevent ...fxe4.} 30. Kh1 (30. exf5 $2 e4 $19) 30... Nxc4) 30. Qa4 $15 {[%emt 0:01:13]} Bc6 {[%emt 0:03:12]} 31. Nxc6 {[%emt 0:04:10]} Rxc6 {[%emt 0:00:05]} 32. Rb1 {[%emt 0:00:25]} Qc7 {[%emt 0:00:46]} 33. Rb4 {[%emt 0:02:09]} Kh7 {[%emt 0:00:14]} 34. Kg2 {[%emt 0:00:40]} (34. Qb5 $142) 34... Nb7 {[%emt 0:03:25]} 35. Qd1 $2 {[%emt 0:03:38]} (35. Qa7 $17 {keeps fighting.} Nc5 36. Qxc7 Rxc7 37. Bb1) 35... Nc5 {[%emt 0:00:25]} 36. h4 {[%emt 0:00:23]} (36. a4 {was necessary.}) 36... Qa5 $19 {[%emt 0:01:02]} 37. Qh5 {[%emt 0:04:05]} (37. Bb1 $142 Qxa3 38. Rb5) 37... Nxd3 $19 {[%emt 0:02:07]} 38. Qf5+ {[%emt 0:00:03]} Rg6 {[%emt 0:00:13]} 39. h5 {[%emt 0:00:49]} Nf4+ {[%emt 0:01:08]} 40. Kh2 {[%emt 0:00:00] [#]} Nxh5 {[%emt 0:00:00]} (40... Qxa3 $142 $1 41. hxg6+ fxg6 42. Qxg6+ Nxg6 43. Rb6 Qa2+ 44. Kh3 h5 45. c5 Qf2 46. Rb3 {[#]} Nf4+ $1 {[%mdl 512]} 47. gxf4 exf4 48. Rf3 Qxf3+ 49. Kh2 h4 50. e5 h3 51. Kg1 Qg2#) 41. Qxh5 $19 {[%emt 0:01:05]} Qxa3 {[%emt 0:00:25]} 0-1

[Event "RUDAR 2 IM 2022"]
[Site "Pozarevac"]
[Date "2022.04.05"]
[Round "4.3"]
[White "Bryakin, Mikhail"]
[Black "Dudukovic, Nikola"]
[Result "1-0"]
[WhiteElo "2481"]
[BlackElo "2362"]
[Annotator "TA"]
[PlyCount "55"]
[EventDate "2022.03.27"]
[EventType "tourn"]
[EventCountry "SRB"]
[SourceTitle "playchess.com"]
[Source "ChessBase"]
[SourceQuality "1"]
[TimeControl "40/5400+30:900+30"]

{[%evp 13,55,18,50,36,75,37,49,42,104,103,101,74,91,87,86,87,103,103,105,64,112,109,111,101,120,97,93,87,87,87,81,86,90,90,90,90,90,90,339,338,777,768,773,673]} 1. d4 {[%emt 0:02:21]} Nf6 {[%emt 0:00:05]} 2. c4 {[%emt 0:00:07]} e6 {[%emt 0:00:03]} 3. Nf3 {[%emt 0:00:08]} c5 {[%emt 0:00:09]} 4. d5 {[%emt 0:00:11]} b5 {[%emt 0:00:06]} 5. dxe6 {[%emt 0:03:38]} fxe6 {[%emt 0:02:13]} 6. cxb5 {[%emt 0:00:03]} d5 {[%emt 0:00:08]} 7. e3 {[%emt 0:02:17]} (7. Nc3 $5 {[%cal Re2e4]}) 7... Nbd7 {[%emt 0:02:35]} 8. Nbd2 {[%emt 0:02:09]} Be7 {[%emt 0:01:46]} 9. b3 {[%emt 0:01:04]} O-O {[%emt 0:02:20]} 10. Bb2 {[%emt 0:00:33]} Qc7 {[%emt 0:19:22]} ({Better is} 10... e5 $1 $14) 11. Be2 $16 {[%emt 0:05:14]} (11. Qc2 {looks sharper.} Bb7 12. Ng5 Qd6 13. Be2) 11... a6 {[%emt 0:10:18]} 12. bxa6 {[%emt 0:04:44]} Bxa6 {[%emt 0:00:10]} 13. Bxa6 {[%emt 0:00:54]} Rxa6 {[%emt 0:00:06] [#]} 14. O-O $1 {[%emt 0:00:53]} Ng4 {[%emt 0:08:12]} 15. Qe2 {[%emt 0:02:50]} Rfa8 {[%emt 0:02:06]} 16. h3 {[%emt 0:03:45]} Bf6 {[%emt 0:01:27]} (16... Nh6 $14 {should be considered.}) 17. Bxf6 $16 {[%emt 0:01:13]} Ngxf6 {[%emt 0:00:05]} 18. a4 {[%emt 0:02:41]} Rb6 {[%emt 0:09:34]} 19. Rac1 {[%emt 0:03:35]} Qb7 {[%emt 0:13:16]} 20. e4 {[%emt 0:07:39]} dxe4 {[%emt 0:03:28]} 21. Ng5 {[%emt 0:01:40]} Qd5 {[%emt 0:07:22]} 22. Ngxe4 {[%emt 0:02:46]} Nxe4 {[%emt 0:00:06]} 23. Nxe4 {[%emt 0:00:40]} Qxb3 {[%emt 0:01:51]} 24. a5 {[%emt 0:13:02]} Rxa5 {[%emt 0:03:04]} 25. Rfd1 {[%emt 0:04:39]} Rb7 $2 {[%emt 0:05:36]} (25... Nf8 $16 {is a better defense.}) 26. Nd6 $18 {[%emt 0:03:27]} (26. Qh5 Nf8 $14) 26... Rba7 $2 {[%emt 0:02:36]} (26... Nf8 27. Nxb7 Qxb7) 27. Rb1 $18 {[%emt 0:02:00]} ({Less strong is} 27. Qh5 Nf8 $14) 27... Ra2 {[%emt 0:01:12]} 28. Qe1 {[%emt 0:01:46]} ({Weaker is} 28. Rxb3 Rxe2 29. Rb7 Rea2 $11) 1-0

[Event "RUDAR 2 IM 2022"]
[Site "Pozarevac"]
[Date "2022.04.05"]
[Round "4.4"]
[White "Savitha Shri B"]
[Black "Milanovic, Slavisa"]
[Result "1-0"]
[WhiteElo "2257"]
[BlackElo "2296"]
[Annotator "NA RC"]
[PlyCount "65"]
[EventDate "2022.03.27"]
[EventType "tourn"]
[EventCountry "SRB"]
[SourceTitle "playchess.com"]
[Source "ChessBase"]
[SourceQuality "1"]
[TimeControl "40/5400+30:900+30"]

1. e4 {[%emt 0:01:51]} e6 {[%emt 0:00:07]} 2. d4 {[%emt 0:00:13]} d5 {[%emt 0:00:06]} 3. e5 {[%emt 0:00:04]} c5 {[%emt 0:00:32]} 4. c3 {[%emt 0:00:31]} Qb6 {[%emt 0:03:00]} 5. Nf3 {[%emt 0:01:32]} Nc6 {[%emt 0:01:28]} 6. a3 {[%emt 0:01:00]} c4 {[%emt 0:04:01]} 7. Nbd2 {[%emt 0:00:47]} f6 {[%emt 0:00:35]} 8. Be2 {[%emt 0:01:04]} fxe5 {[%emt 0:00:11]} 9. Nxe5 {[%emt 0:00:16]} Nxe5 {[%emt 0:00:06]} 10. dxe5 {[%emt 0:00:08]} Bc5 {[%emt 0:03:53]} 11. O-O {[%emt 0:00:16]} Ne7 {[%emt 0:00:03]} 12. Bh5+ {[%emt 0:00:08]} g6 {[%emt 0:00:07]} 13. Bg4 {[%emt 0:00:05]} h5 {[%emt 0:08:41]} 14. Bf3 {[%emt 0:02:15]} Nc6 {[%emt 0:04:44]} 15. b4 {[%emt 0:08:39]} Bf8 {[%emt 0:06:35]} 16. Re1 {[%emt 0:10:13]} Bg7 {[%emt 0:08:42]} 17. Nf1 {[%emt 0:11:57]} Nxe5 {[%emt 0:05:57]} 18. Bxd5 {[%emt 0:20:06]} Nd3 {[%emt 0:08:58]} 19. Be3 {[%emt 0:02:43]} Qd8 {[%emt 0:18:42]} 20. Be4 {[%emt 0:05:12]} Bxc3 {[%emt 0:04:54]} 21. Bxg6+ {[%emt 0:00:52]} Kf8 {[%emt 0:00:51]} 22. Rc1 {[%emt 0:09:43]} Bf6 {[%emt 0:15:17]} 23. Bxd3 {[%emt 0:01:20]} Qxd3 {[%emt 0:02:45]} 24. Qf3 {[%emt 0:00:08]} Kg7 {[%emt 0:00:33]} 25. Red1 {[%emt 0:04:05]} Qf5 {[%emt 0:00:11]} 26. Qg3+ {[%emt 0:00:58]} Qg4 {[%emt 0:01:22]} 27. Qc7+ {[%emt 0:00:20]} Kg8 {[%emt 0:00:26]} 28. h3 {[%emt 0:02:06]} Qg6 {[%emt 0:00:40]} 29. Rxc4 {[%emt 0:00:44]} Rh7 {[%emt 0:00:53]} 30. Rd8+ {[%emt 0:01:18]} Bxd8 {[%emt 0:00:07]} 31. Qxd8+ {[%emt 0:00:01]} Kf7 {[%emt 0:00:52]} 32. Rc7+ {[%emt 0:00:07]} Bd7 {[%emt 0:00:09]} 33. Rxd7# {[%emt 0:00:06]} 1-0

[Event "RUDAR 2 IM 2022"]
[Site "Pozarevac"]
[Date "2022.04.05"]
[Round "4.5"]
[White "Rajkovic, Aleksandar"]
[Black "Andreev, Konstantin"]
[Result "1/2-1/2"]
[WhiteElo "2181"]
[BlackElo "2238"]
[Annotator "NA RC"]
[PlyCount "72"]
[EventDate "2022.03.27"]
[EventType "tourn"]
[EventCountry "SRB"]
[SourceTitle "playchess.com"]
[Source "ChessBase"]
[SourceQuality "1"]
[TimeControl "40/5400+30:900+30"]

1. e4 {[%emt 0:04:10]} c5 {[%emt 0:00:07]} 2. Nf3 {[%emt 0:00:04]} Nc6 {[%emt 0:00:05]} 3. d4 {[%emt 0:00:08]} cxd4 {[%emt 0:00:06]} 4. Nxd4 {[%emt 0:00:03]} Nf6 {[%emt 0:00:06]} 5. Nc3 {[%emt 0:00:08]} e5 {[%emt 0:00:10]} 6. Ndb5 {[%emt 0:00:02]} d6 {[%emt 0:00:08]} 7. Bg5 {[%emt 0:00:33]} a6 {[%emt 0:00:07]} 8. Na3 {[%emt 0:00:06]} b5 {[%emt 0:00:06]} 9. Nd5 {[%emt 0:00:21]} Be7 {[%emt 0:00:08]} 10. Bxf6 {[%emt 0:01:10]} Bxf6 {[%emt 0:00:05]} 11. c3 {[%emt 0:00:19]} Bg5 {[%emt 0:00:11]} 12. Nc2 {[%emt 0:00:20]} Rb8 {[%emt 0:00:17]} 13. Bd3 {[%emt 0:03:27]} O-O {[%emt 0:00:48]} 14. O-O {[%emt 0:00:13]} Be6 {[%emt 0:02:27]} 15. Nce3 {[%emt 0:02:55]} Ne7 {[%emt 0:00:54]} 16. Bc2 {[%emt 0:04:54]} g6 {[%emt 0:13:52]} 17. Kh1 {[%emt 0:05:24]} Rc8 {[%emt 0:26:49]} 18. Bb3 {[%emt 0:06:39]} Nc6 {[%emt 0:06:00]} 19. a4 {[%emt 0:05:59]} Na5 {[%emt 0:10:49]} 20. axb5 {[%emt 0:03:30]} axb5 {[%emt 0:00:31]} 21. Ba2 {[%emt 0:04:00]} Bh6 {[%emt 0:07:54]} 22. Qd3 {[%emt 0:05:28]} Kh8 {[%emt 0:02:15]} 23. b4 {[%emt 0:03:17]} Nc4 {[%emt 0:01:12]} 24. Bxc4 {[%emt 0:01:27]} bxc4 {[%emt 0:00:07]} 25. Nxc4 {[%emt 0:02:40]} f5 {[%emt 0:00:22]} 26. Ra6 {[%emt 0:11:45]} fxe4 {[%emt 0:06:52]} 27. Qxe4 {[%emt 0:01:04]} Rf4 {[%emt 0:03:53]} 28. Nxf4 {[%emt 0:04:24]} Bxc4 {[%emt 0:00:08]} 29. Nxg6+ {[%emt 0:02:30]} hxg6 {[%emt 0:00:06]} 30. Ra7 {[%emt 0:00:44]} Bxf1 {[%emt 0:09:41]} 31. Qxg6 {[%emt 0:00:08]} Rc7 {[%emt 0:00:03]} 32. Qxh6+ {[%emt 0:00:27]} Kg8 {[%emt 0:00:11]} 33. Qg6+ {[%emt 0:00:35]} Kf8 {[%emt 0:00:06]} 34. Qh6+ {[%emt 0:01:52]} Kg8 {[%emt 0:00:07]} 35. Qg6+ {[%emt 0:02:18]} Kf8 {[%emt 0:00:04]} 36. Qf5+ {[%emt 0:01:02]} Kg8 {[%emt 0:01:09]} 1/2-1/2

[Event "RUDAR 2 IM 2022"]
[Site "Pozarevac"]
[Date "2022.04.06"]
[Round "5.1"]
[White "Milanovic, Slavisa"]
[Black "Acor, Corey"]
[Result "1-0"]
[WhiteElo "2296"]
[BlackElo "2326"]
[Annotator "TA"]
[PlyCount "101"]
[EventDate "2022.03.27"]
[EventType "tourn"]
[EventCountry "SRB"]
[SourceTitle "playchess.com"]
[Source "ChessBase"]
[SourceQuality "1"]
[TimeControl "40/5400+30:900+30"]

{[%evp 50,101,164,112,95,97,111,108,98,93,95,75,83,81,87,12,27,16,20,27,89,88,121,130,81,81,124,118,133,115,120,121,123,110,104,72,72,72,74,72,72,73,73,73,124,73,83,81,83,83,2092,2122,2095,1716]} 1. c4 {[%emt 0:00:08]} e5 {[%emt 0:01:00]} 2. Nc3 {[%emt 0:00:14]} Nc6 {[%emt 0:00:23]} 3. Nf3 {[%emt 0:02:05]} f5 {[%emt 0:07:55]} 4. d4 {[%emt 0:00:16]} e4 {[%emt 0:03:19]} 5. Ng5 {[%emt 0:00:05]} Be7 {[%emt 0:11:27]} 6. Nh3 {[%emt 0:01:22]} Nf6 {[%emt 0:03:59]} 7. e3 {[%emt 0:01:27]} O-O {[%emt 0:06:41]} 8. Nf4 {[%emt 0:00:08]} g5 {[%emt 0:06:36]} 9. Nfd5 {[%emt 0:01:35]} Nxd5 {[%emt 0:03:24]} 10. cxd5 {[%emt 0:01:53]} Nb8 {[%emt 0:02:25]} 11. g4 {[%emt 0:01:37]} Bb4 {[%emt 0:09:33]} 12. gxf5 {[%emt 0:04:45]} Qf6 {[%emt 0:09:28]} 13. Qg4 {[%emt 0:04:11]} Qxf5 {[%emt 0:04:49]} 14. Qxf5 {[%emt 0:00:28]} Rxf5 {[%emt 0:00:02]} 15. Bd2 {[%emt 0:01:54]} Bxc3 {[%emt 0:08:07]} 16. bxc3 {[%emt 0:00:13]} d6 {[%emt 0:05:22]} 17. Bh3 {[%emt 0:05:31]} Rf8 {[%emt 0:00:02]} 18. Bxc8 {[%emt 0:00:14]} Rxc8 {[%emt 0:00:02]} 19. Rg1 {[%emt 0:00:07]} h6 {[%emt 0:01:22]} 20. h4 {[%emt 0:02:06]} Kf7 {[%emt 0:03:43]} 21. Rb1 {[%emt 0:08:41]} b6 {[%emt 0:01:19]} 22. Rg4 {[%emt 0:06:02]} Re8 {[%emt 0:01:10]} 23. hxg5 {[%emt 0:00:23]} h5 {[%emt 0:00:36]} 24. g6+ {[%emt 0:06:41]} Kg7 {[%emt 0:00:09]} 25. Rf4 {[%emt 0:00:05]} Kxg6 {[%emt 0:00:07]} 26. Ke2 {[%emt 0:00:08]} (26. f3 $1 $18) 26... Nd7 $16 {[%emt 0:00:05]} 27. Rg1+ {[%emt 0:00:06]} Kh6 {[%emt 0:00:02]} 28. Rf7 {[%emt 0:00:29]} Rg8 {[%emt 0:03:55]} 29. Rh1 {[%emt 0:01:30]} ({Reject} 29. Rxg8 $6 Rxg8 30. Rxd7 h4 $11) 29... Rad8 {[%emt 0:02:17]} 30. Rh4 {[%emt 0:05:09]} Kg6 {[%emt 0:02:06]} 31. Re7 {[%emt 0:00:12]} Nf6 {[%emt 0:01:40] [#]} 32. Rxc7 {[%emt 0:01:12]} (32. c4 $1 $16) 32... Kg5 {[%emt 0:01:15]} 33. Rh1 {[%emt 0:00:24]} Nxd5 {[%emt 0:00:26]} 34. Rxa7 {[%emt 0:00:48]} Ra8 {[%emt 0:00:58]} (34... Nf6 $1 $11) 35. Rd7 $16 {[%emt 0:01:50]} Rgd8 {[%emt 0:00:32]} 36. Rxd8 {[%emt 0:06:45]} Rxd8 {[%emt 0:00:01]} 37. f3 {[%emt 0:00:12]} exf3+ {[%emt 0:01:52]} 38. Kxf3 {[%emt 0:00:05]} Rf8+ {[%emt 0:00:12]} 39. Ke2 {[%emt 0:02:46]} Nf6 {[%emt 0:00:47]} 40. e4+ {[%emt 0:00:00]} Kg6 {[%emt 0:01:22]} 41. Kd3 {[%emt 0:52:13]} Re8 {[%emt 0:15:30]} 42. Re1 {[%emt 0:00:30]} b5 {[%emt 0:00:30]} 43. Bf4 {[%emt 0:00:00]} d5 {[%emt 0:00:00]} 44. Rg1+ {[%emt 0:00:00]} Kf7 {[%emt 0:00:00] [#]} 45. exd5 $1 {[%emt 0:00:00]} Nxd5 {[%emt 0:00:00]} 46. Bd2 {[%emt 0:00:00]} Rh8 {[%emt 0:00:00]} ({Better is} 46... h4) 47. c4 {[%emt 0:00:00]} (47. Rg5 $142 Nf6 48. Bf4 (48. Rxb5 h4 $16)) 47... bxc4+ $16 {[%emt 0:00:00]} 48. Kxc4 {[%emt 0:00:00]} Ke6 {[%emt 0:00:00]} 49. Rg6+ {[%emt 0:00:00]} Nf6 $2 {[%emt 0:02:16][%mdl 8192]} (49... Kf7 $16 50. Ra6 Ne7) 50. d5+ $1 $18 {[%emt 0:00:00]} Ke7 {[%emt 0:01:13]} 51. Rxf6 {[%emt 0:00:00]} 1-0

[Event "RUDAR 2 IM 2022"]
[Site "Pozarevac"]
[Date "2022.04.06"]
[Round "5.2"]
[White "Velikic, Adela"]
[Black "Savitha Shri B"]
[Result "1-0"]
[WhiteElo "2258"]
[BlackElo "2257"]
[Annotator "TA"]
[PlyCount "65"]
[EventDate "2022.03.27"]
[EventType "tourn"]
[EventCountry "SRB"]
[SourceTitle "playchess.com"]
[Source "ChessBase"]
[SourceQuality "1"]
[TimeControl "40/5400+30:900+30"]

{[%evp 20,65,23,9,14,22,14,7,20,-24,-19,-29,-36,-33,-27,-30,-2,-29,31,38,64,66,74,28,48,31,76,78,78,78,71,79,136,157,160,143,128,110,109,106,104,104,29984,29985,29996,29997,29997,29994]} 1. e4 {[%emt 0:01:34]} c5 {[%emt 0:01:57]} 2. Nf3 {[%emt 0:00:06]} e6 {[%emt 0:00:38]} 3. d4 {[%emt 0:00:04]} cxd4 {[%emt 0:00:06]} 4. Nxd4 {[%emt 0:00:04]} a6 {[%emt 0:00:24]} 5. Bd3 {[%emt 0:00:10]} Nc6 {[%emt 0:01:33]} 6. Nxc6 {[%emt 0:00:30]} bxc6 {[%emt 0:01:37]} 7. O-O {[%emt 0:00:38]} Qc7 {[%emt 0:01:53]} 8. b3 {[%emt 0:00:56]} Be7 {[%emt 0:05:33]} 9. Ba3 {[%emt 0:13:14]} d5 {[%emt 0:09:37]} 10. Bxe7 {[%emt 0:12:03]} Nxe7 {[%emt 0:00:20]} 11. Nd2 {[%emt 0:00:38]} Ng6 {[%emt 0:02:54]} 12. Re1 {[%emt 0:02:04]} O-O {[%emt 0:04:54]} 13. Nf3 {[%emt 0:10:43]} a5 {[%emt 0:15:39]} 14. e5 {[%emt 0:04:22]} c5 {[%emt 0:16:27]} 15. Qd2 {[%emt 0:21:37]} Qe7 {[%emt 0:05:27]} 16. c3 {[%emt 0:05:03]} Bb7 {[%emt 0:01:42]} 17. Rad1 {[%emt 0:12:37]} Rad8 {[%emt 0:01:17]} 18. Qc1 {[%emt 0:01:54]} f5 {[%emt 0:09:02]} (18... h6 $11) 19. exf6 $1 $14 {[%emt 0:01:16]} Qxf6 {[%emt 0:02:02]} 20. Bxg6 {[%emt 0:00:40]} Qxg6 {[%emt 0:06:23] [#]} 21. Qg5 {[%emt 0:01:09]} (21. Ne5 $1 $16 {[%cal Re5g6]} Qe8 22. Qe3) 21... Qf7 {[%emt 0:02:37]} 22. Qg3 {[%emt 0:02:35]} Qf6 {[%emt 0:01:19]} 23. Qc7 {[%emt 0:01:37]} Ba8 {[%emt 0:00:33]} 24. Qxc5 {[%emt 0:04:58]} ({Weaker is} 24. Qxa5 d4 25. Qa6 (25. Rd3 $2 e5 $19) 25... Bxf3 26. gxf3 dxc3 27. Rxd8 Rxd8 $15) 24... d4 {[%emt 0:01:18]} 25. Rxd4 {[%emt 0:01:18]} Bxf3 {[%emt 0:03:19]} ({Better is} 25... Rc8 26. Qe5 Bxf3) 26. Rxd8 $16 {[%emt 0:00:04]} ({Reject} 26. gxf3 $6 Qxf3 27. Rxd8 Qg4+ 28. Kh1 Qf3+ 29. Kg1 Qg4+ 30. Kh1 Qf3+ 31. Kg1 $11) 26... Rxd8 {[%emt 0:00:07]} 27. gxf3 {[%emt 0:00:10]} Qxf3 {[%emt 0:00:05]} 28. Qe3 {[%emt 0:00:32]} Qg4+ {[%emt 0:00:12]} 29. Kf1 {[%emt 0:01:36]} Kf7 {[%emt 0:01:38]} 30. Qg3 {[%emt 0:00:16]} Qh5 $2 {[%emt 0:01:06][%mdl 8192]} (30... Qxg3 $16 31. hxg3 Rd3) 31. Qc7+ {[%emt 0:00:19]} Kg6 {[%emt 0:01:56]} 32. Rxe6+ {[%emt 0:00:21]} Kf5 {[%emt 0:00:21]} 33. Re5+ {[%emt 0:00:11]} 1-0